Achieving Excellence Through Customer Service

Bibliographic Details
Main Author: Tschohl,John
Format: Book
Language:English
Published: Petaling Jaya : Advantage Quest Publications , 1996
Subjects:

MARC

LEADER 00000cam a2200000 7i4500
001 0000009562
005 20101215.0
008 101215 eng
020 |a 9839214357 
090 0 0 |a 658.8342 TSC 
100 1 |a Tschohl,John 
245 1 0 |a Achieving Excellence Through Customer Service   |c John Tschohl with Steve Franzmeier 
260 |a Petaling Jaya :   |b Advantage Quest Publications ,   |c 1996 
300 |a x,337p. ;   |c 23cm. 
650 0 0 |a Customer Service 
999 |a 0000079306   |b Buku   |c Rak Terbuka   |e Perbadanan Perpustakaan Awam Melaka 
999 |a 16211   |b Buku   |c Rak Terbuka   |e Perbadanan Perpustakaan Awam Melaka 
999 |a 47294   |b Buku   |c Rak Terbuka   |e Perpustakaan Cawangan Masjid Tanah 
999 |a 47295   |b Buku   |c Rak Terbuka   |e Perpustakaan Cawangan Jasin